00371nam a22001337a 450000500170000000800410001704100250005808200140008310000250009724500570012226000090017930000240018865000250021220231123062930.0231123b |||||||| |||| 00| 0 eng d aEnglish / Afrikaans  a342.2 SOU lEnglish / Afrikaans  aPress Statement of the South African Law Commission  c1990 b2 pages ; c31 cm.  aLegal practice bLaw